00908cam a22002773a 45000010005000000030006000050050017000110080041000280400015000690420007000840500007000910500007000981000029001052450134001342600029002685060030002975160020003276530014003476530041003616530038004026530043004406530042004837000036005258300028005618560041005896970PGUSA20140828083139.0041101s2004||||xxu|||||s|||||000 | eng d aPGUSAbeng adc 4aLA 4aQP1 aMacé, Jean,d1815-189414aThe History of a Mouthful of Bread :bAnd its effect on the organization of men and animalsh[electronic resource] /cJean Macé bProject Gutenberg,c2004 aPublic domain in the USA. aElectronic text aEducation aHuman anatomy -- Juvenile literature aPhysiology -- Juvenile literature aNatural history -- Juvenile literature aNatural history -- Study and teaching1 aGatty, Alfred,cMrs,d1809-1873 0aProject Gutenbergv697040uhttp://www.gutenberg.org/ebooks/6970